| 000 | 00569cam a2200193u 4500 | ||
|---|---|---|---|
| 001 | 8494436 | ||
| 003 | ARRUPE | ||
| 005 | 20170111142152.0 | ||
| 008 | 841019s1965 gw a 000 0 ger | ||
| 010 | _a 68078827 | ||
| 040 |
_aDLC _cCarP _dDLC |
||
| 050 | 0 | 0 | _aPT2378.Z4 |
| 100 | 1 |
_aKleist, Heinrich von, _d1777-1811. _928221 |
|
| 245 | 1 | 4 |
_aDer zerbrochene Krug. _blustspiel _cbyKleist, Heinrich von |
| 260 |
_aStuttgart _bPhilipp Reclam Jun. _c1961 |
||
| 300 |
_a78p.; _c16cm. |
||
| 906 |
_a0 _bcbc _cpremunv _du _encip _f19 _gy-gencatlg |
||
| 942 |
_2lcc _cMONOGRAPH |
||
| 999 |
_c125936 _d125936 |
||